书目信息 |
| 题名: |
记忆的规律与记忆的方法
|
|
| 作者: | 张彦杰 , 孟微微 编著 | |
| 分册: | ||
| 出版信息: | 广州 广东世界图书出版公司 2010 |
|
| 页数: | 196页 | |
| 开本: | 23cm | |
| 丛书名: | 光辉书房新知文库 | |
| 单 册: | ||
| 中图分类: | B842.3-49 | |
| 科图分类: | ||
| 主题词: | 记忆术--通俗读物 | |
| 电子资源: | ||
| ISBN: | 978-7-5100-1961-6 | |
| 000 | 00866oam2 2200253 450 | |
| 001 | 5582 | |
| 005 | 20180528212040.55 | |
| 010 | @a978-7-5100-1961-6@dCNY25.80 | |
| 100 | @a20101230d2010 cdey0chiy50 ea | |
| 101 | 0 | @achi |
| 102 | @aCN@b310000 | |
| 105 | @ay z 000yy | |
| 200 | 1 | @a记忆的规律与记忆的方法@9ji yi de gui lu^ yu ji yi de fang fa@f本书编写组编@g张彦杰, 孟微微编著 |
| 210 | @a广州@c广东世界图书出版公司@d2010 | |
| 215 | @a196页@d23cm | |
| 225 | 2 | @a光辉书房新知文库@9guang hui shu fang xin zhi wen ku@f总主编石恢@i学会学习丛书@f主编石柠, 庄力可, 马世晔, 胡淑慧 |
| 461 | 0 | @12001 @a光辉书房新知文库 |
| 462 | 0 | @12001 @a学会学习丛书 |
| 606 | 0 | @a记忆术@j通俗读物 |
| 690 | @aB842.3-49@v4 | |
| 701 | 0 | @a张彦杰@9zhang yan jie@4编著 |
| 701 | 0 | @a孟微微@9meng wei wei@4编著 |
| 801 | 0 | @aCN@b91MARC@c20130904 |
| 905 | @aMuseLib@dB842.3-49@e2330 | |
| 记忆的规律与记忆的方法/本书编写组编/张彦杰, 孟微微编著.-广州:广东世界图书出版公司,2010 |
| 196页;23cm.-(光辉书房新知文库/总主编石恢.学会学习丛书/主编石柠, 庄力可, 马世晔, 胡淑慧) |
| ISBN 978-7-5100-1961-6:CNY25.80 |
| ● |
| 相关链接 |
|
|
|
|
正题名:记忆的规律与记忆的方法
索取号:B842.3-49/2330
 
预约/预借
| 序号 | 登录号 | 条形码 | 馆藏地/架位号 | 状态 | 备注 |
| 1 | 1113859 | 211138598 | 第一样本阅览室/ [索取号:B842.3-49/2330] | 在馆 | |
| 2 | 1113860 | 211138605 | 教育系资料室/ [索取号:B842.3-49/2330] | 在馆 | |
| 3 | 1113861 | 211138614 | 教育系资料室/ [索取号:B842.3-49/2330] | 在馆 | |
| 4 | 1113862 | 211138623 | 第一借阅区/ [索取号:B842.3-49/2330] | 在馆 |